000 00738nam a2200277 a 4500
999 _c2981
_d2981
006 a||||gr|||| 000 0
007 ta
008 190924s2023 ii a|||gr|||| 000 0 eng d
020 _a9789388127295
_cRs. 150.00
040 _aKO
_beng
041 0 _aeng
044 _aii
082 0 4 _223
_a516.242
_bL848
100 1 _aLoney, S. L.
245 1 4 _aPlane Trigonometry Part-1 /
_cS. L. Loney
260 _aMeerut :
_bArihant Publication India Ltd.,
_c[2023]
300 _axxxix, 268 p. :
_bill. ;
_c21 cm.
650 0 _aTrigonometry
_xTextbooks
650 0 _aPlane trigonometry
_xTextbooks
650 0 _aMathematics
_xTextbooks
650 0 _aGeometry
_xTextbooks
904 _aRUDRA_R
905 _aR_RANJAN
942 _cBK